MTG Alpha/Beta cards by picture - Statistics

General Stats
  • This quiz has been taken 59 times
  • The average score is 77 of 291
Answer Stats
Picture Answer % Correct
Black Lotus
87%
Forest
77%
Mountain
77%
Prodigal Sorcerer
77%
Sol Ring
77%
Birds of Paradise
74%
Counterspell
74%
Mox Emerald
74%
Swamp
74%
Island
72%
Mox Ruby
72%
Plains
72%
Demonic Tutor
69%
Fireball
69%
Mox Sapphire
69%
Time Walk
69%
Fog
67%
Mana Vault
67%
Mox Jet
67%
Mox Pearl
67%
Serra Angel
64%
Shivan Dragon
64%
Stasis
64%
Ancestral Recall
62%
Llanowar Elves
62%
Savannah
62%
Circle of Protection: Black
59%
Circle of Protection: Red
59%
Lightning Bolt
59%
Red Elemental Blast
59%
Swords to Plowshares
59%
Wheel of Fortune
59%
Dark Ritual
56%
Giant Spider
56%
Circle of Protection: Blue
54%
Circle of Protection: Green
54%
Disenchant
54%
Savannah Lions
54%
Animate Dead
51%
Balance
51%
Basalt Monolith
51%
Circle of Protection: White
51%
Tropical Island
51%
Underground Sea
51%
Chaos Orb
49%
Timetwister
49%
Blue Elemental Blast
46%
Crusade
46%
Sinkhole
46%
Taiga
46%
Tundra
46%
Winter Orb
46%
Clone
44%
Goblin King
44%
Grizzly Bears
44%
Healing Salve
44%
Howling Mine
44%
Lord of Atlantis
44%
Terror
44%
Tsunami
44%
Badlands
41%
Fastbond
41%
Fork
41%
Giant Growth
41%
Glasses of Urza
41%
White Knight
41%
Channel
38%
Earthbind
38%
Nightmare
38%
Pestilence
38%
Sengir Vampire
38%
Shatter
38%
Wrath of God
38%
Bayou
36%
Black Knight
36%
Braingeyser
36%
Castle
36%
Firebreathing
36%
Hill Giant
36%
Hypnotic Specter
36%
Jump
36%
Library of Leng
36%
Unholy Strength
36%
Wall of Bone
36%
Wall of Wood
36%
Ankh of Mishra
33%
Black Vise
33%
Dragon Whelp
33%
Fire Elemental
33%
Hurricane
33%
Lord of the Pit
33%
Plateau
33%
Stone Rain
33%
Copy Artifact
31%
Lich
31%
Nevinyrral's Disk
31%
Raise Dead
31%
Scrubland
31%
Wall of Fire
31%
Animate Artifact
28%
Cockatrice
28%
Contract from Below
28%
Fear
28%
Holy Strength
28%
Hurloon Minotaur
28%
Pirate Ship
28%
Psychic Venom
28%
Raging River
28%
Time Vault
28%
Vesuvan Doppelganger
28%
Wall of Ice
28%
Animate Wall
26%
Benalish Hero
26%
Berserk
26%
Craw Wurm
26%
Dingus Egg
26%
Juggernaut
26%
Plague Rats
26%
Scathe Zombies
26%
Sea Serpent
26%
Sunglasses of Urza
26%
Wooden Sphere
26%
Air Elemental
23%
Demonic Attorney
23%
Flight
23%
Gauntlet of Might
23%
Ivory Cup
23%
Manabarbs
23%
Mesa Pegasus
23%
Orcish Oriflamme
23%
Regrowth
23%
Sacrifice
23%
Unsummon
23%
Wall of Air
23%
Wall of Swords
23%
Water Elemental
23%
Weakness
23%
Deathgrip
21%
Drain Life
21%
Force of Nature
21%
Howl From Beyond
21%
Jade Statue
21%
Mahamoti Djinn
21%
Mana Flare
21%
Merfolk of the Pearl Trident
21%
Power Sink
21%
Psionic Blast
21%
Rock Hydra
21%
Rod of Ruin
21%
Royal Assassin
21%
Samite Healer
21%
Sedge Troll
21%
Zombie Master
21%
Bad Moon
18%
Control Magic
18%
Drudge Skeletons
18%
Earth Elemental
18%
Farmstead
18%
Flashfires
18%
Icy Manipulator
18%
Instill Energy
18%
Iron Star
18%
Mind Twist
18%
Northern Paladin
18%
Pearled Unicorn
18%
Stream of Life
18%
Tunnel
18%
Wall of Water
18%
Wanderlust
18%
Wild Growth
18%
Blue Ward
15%
Earthquake
15%
Forcefield
15%
Green Ward
15%
Ice Storm
15%
Ironclaw Orcs
15%
Ironroot Treefolk
15%
Island Sanctuary
15%
Keldon Warlord
15%
Kormus Bell
15%
Lifeforce
15%
Red Ward
15%
Timber Wolves
15%
Twiddle
15%
Verduran Enchantress
15%
White Ward
15%
Armageddon
13%
Black Ward
13%
Cyclopean Tomb
13%
Frozen Shade
13%
Gaea's Liege
13%
Gloom
13%
Goblin Baloon Brigade
13%
Gray Ogre
13%
Lure
13%
Meekstone
13%
Nether Shadow
13%
Soul Net
13%
The Hive
13%
Volcanic Eruption
13%
Will-O-The-Wisp
13%
Word of Command
13%
Blessing
10%
Burrowing
10%
Camouflage
10%
Creature Bond
10%
Crystal Rod
10%
Disintigrate
10%
Drain Power
10%
Dwarven Warriors
10%
Elvish Archers
10%
Fungusaur
10%
Helm of Chatzuk
10%
Holy Armor
10%
Illusionary Mask
10%
Karma
10%
Kudzu
10%
Living Wall
10%
Mons's Goblin Raiders
10%
Phantasmal Forces
10%
Purelace
10%
Regeneration
10%
Roc of Kher Ridges
10%
Shanodin Dryads
10%
Simulacrum
10%
Spell Blast
10%
Thicket Basilisk
10%
Thoughtlace
10%
Throne of Bone
10%
Tranquility
10%
Uthden Troll
10%
Veteran Bodyguard
10%
Wall of Stone
10%
Warp Artifact
10%
Bog Wraith
8%
Celestial Prism
8%
Consecrate Land
8%
Copper Tablet
8%
Darkpact
8%
Deathlace
8%
Demonic Hordes
8%
Disrupting Scepter
8%
Guardian Angel
8%
Invisibility
8%
Jade Monolith
8%
Jayemdae Tome
8%
Lance
8%
Ley Druid
8%
Lifelace
8%
Living Artifact
8%
Living Lands
8%
Magical Hack
8%
Natural Selection
8%
Personal Incarnation
8%
Resurrection
8%
Righteousness
8%
Scryb Sprites
8%
Stone Giant
8%
Wall of Brambles
8%
War Mammoth
8%
Aspect of the Wolf
5%
Chaoslace
5%
Clockwork Beast
5%
Conservator
5%
Conversion
5%
False Orders
5%
Feedback
5%
Granite Gargoyle
5%
Lifetap
5%
Mana Short
5%
Nettling Imp
5%
Obsianus Golem
5%
Orcish Artillery
5%
Paralyze
5%
Phantasmal Terrain
5%
Power Leak
5%
Power Surge
5%
Siren's Call
5%
Sleight of Mind
5%
Smoke
5%
Steal Artifact
5%
Two-Headed Giant of Foriys
5%
Web
5%
Blaze of Glory
3%
Cursed Land
3%
Death Ward
3%
Dwarven Demolition Team
3%
Evil Presence
3%
Phantom Monster
3%
Reverse Damage
3%
Scavenging Ghoul
3%
No matching quizzes found
Score Distribution
Percent of People with Each Score
Percentile by Number Answered
Your Score History
You have not taken this quiz